[Event "29. Abierto Ciudad de Sevilla"]
[Site "Sevilla ESP"]
[Date "2004.01.12"]
[Round "4.11"]
[White "Korneev, Oleg"]
[Black "Barria, Daniel"]
[Result "1-0"]
[WhiteElo "2566"]
[BlackElo "2351"]
[PlyCount "83"]
[EventDate "2004.01.09"]
[EventType "swiss"]
[EventRounds "9"]
[EventCountry "ESP"]
[Source "lmi"]
[SourceDate "2004.01.17"]

1. e4 c5 2. Nf3 d6 3. d4 cxd4 4. Nxd4 Nf6 5. Nc3 a6 6. Be3 e6 7. f3 b5 8. g4
Bb7 9. Qd2 Qa5 10. Rg1 h6 11. h4 Nfd7 12. Nb3 Qc7 13. O-O-O Ne5 14. Qf2 Nbd7
15. f4 Nc4 16. Bxc4 Qxc4 17. Na5 Qc7 18. Nxb7 Qxb7 19. f5 Rc8 20. g5 hxg5 21.
fxe6 fxe6 22. Bxg5 Ne5 23. Ne2 Qf7 24. Nf4 Be7 25. Bxe7 Qxe7 26. Ng6 Nxg6 27.
Rxg6 Rxh4 28. Qg3 Qf7 29. Kb1 Qf4 30. Rxe6+ Kf7 31. Qg6+ Kg8 32. Re7 Qf6 33.
Rxg7+ Qxg7 34. Qe6+ Kh7 35. Qxc8 Qe5 36. a3 Qxe4 37. Rxd6 Rh1+ 38. Ka2 Qc4+ 39.
Qxc4 bxc4 40. Rxa6 Rh2 41. Rc6 Rxc2 42. Kb1 1-0

[Event "29. Abierto Ciudad de Sevilla"]
[Site "Sevilla ESP"]
[Date "2004.01.12"]
[Round "4.12"]
[White "Garcia Luque, Agustin"]
[Black "Epishin, Vladimir"]
[Result "0-1"]
[WhiteElo "2413"]
[BlackElo "2633"]
[PlyCount "46"]
[EventDate "2004.01.09"]
[EventType "swiss"]
[EventRounds "9"]
[EventCountry "ESP"]
[Source "lmi"]
[SourceDate "2004.01.17"]

1. e4 c5 2. Nf3 e6 3. d3 d6 4. g3 Nd7 5. Bg2 b6 6. O-O Bb7 7. Re1 Be7 8. a4
Ngf6 9. b3 O-O 10. Bb2 a6 11. Na3 Ra7 12. h4 Qb8 13. Nc4 b5 14. Ne3 Bc6 15. a5
Re8 16. Ng5 h6 17. e5 Nxe5 18. Bxe5 Bxg2 19. Bxf6 Bxf6 20. Qh5 Bxa1 21. Rxa1
Ba8 22. Ne4 f5 23. Nxd6 Rf8 0-1

[Event "29. Abierto Ciudad de Sevilla"]
[Site "Sevilla ESP"]
[Date "2004.01.12"]
[Round "4.13"]
[White "Franco Ocampos, Zenon"]
[Black "Teran Alvarez, Ismael"]
[Result "1/2-1/2"]
[WhiteElo "2524"]
[BlackElo "2382"]
[PlyCount "99"]
[EventDate "2004.01.09"]
[EventType "swiss"]
[EventRounds "9"]
[EventCountry "ESP"]
[Source "lmi"]
[SourceDate "2004.01.17"]

1. Nf3 d5 2. d4 Nc6 3. c4 Bg4 4. Nc3 e6 5. Bf4 Nf6 6. e3 Bd6 7. Bg5 dxc4 8.
Bxc4 O-O 9. O-O Be7 10. Be2 Nd5 11. Bxe7 Ncxe7 12. Qb3 Nxc3 13. bxc3 b6 14.
Rfd1 Qd6 15. c4 c5 16. Qa3 Qc7 17. dxc5 bxc5 18. Rab1 Rab8 19. Rb5 Rxb5 20.
cxb5 Nd5 21. Rc1 Rc8 22. Rc4 Bxf3 23. Bxf3 Qb6 24. Qb3 Rb8 25. g3 Qxb5 26. Rxc5
Qxb3 27. axb3 g6 28. Bd1 Rb7 29. Kf1 Rc7 30. Rxc7 Nxc7 31. Ke2 Kf8 32. Kd3 Ke7
33. Kc4 Kd6 34. Bf3 f6 35. Bb7 h6 36. h4 Ne8 37. f4 e5 38. Be4 g5 39. fxg5 fxg5
40. hxg5 hxg5 41. Bg6 Nc7 42. Bf7 Ke7 43. Bg6 Kd6 44. Kd3 Na6 45. Bf5 Kd5 46.
Be4+ Kd6 47. Bh7 Nc5+ 48. Kc4 Na6 49. Bf5 Nc7 50. Be4 1/2-1/2

[Event "29. Abierto Ciudad de Sevilla"]
[Site "Sevilla ESP"]
[Date "2004.01.12"]
[Round "4.14"]
[White "Lopez Gonzalez, Daniel"]
[Black "Barrientos Chavarriaga, Sergio"]
[Result "1/2-1/2"]
[WhiteElo "2113"]
[BlackElo "2425"]
[PlyCount "91"]
[EventDate "2004.01.09"]
[EventType "swiss"]
[EventRounds "9"]
[EventCountry "ESP"]
[Source "lmi"]
[SourceDate "2004.01.17"]

1. Nf3 c5 2. c4 Nf6 3. Nc3 Nc6 4. g3 d5 5. cxd5 Nxd5 6. Bg2 Nc7 7. O-O e5 8. d3
Be7 9. Be3 O-O 10. Rc1 Rb8 11. a3 b6 12. Nd2 Bb7 13. Qa4 Qe8 14. Rfe1 f5 15. f4
Kh8 16. Nc4 Ba8 17. Nxe5 b5 18. Qd1 Nxe5 19. fxe5 Bxg2 20. Kxg2 b4 21. axb4
cxb4 22. Na4 Nd5 23. Bd2 f4 24. Rf1 Bg5 25. d4 f3+ 26. Rxf3 Rxf3 27. exf3 Bxd2
28. Qxd2 Qxa4 29. Rc5 Qb3 30. Kf2 h6 31. Qc1 Rf8 32. f4 Nb6 33. Qc2 Qe6 34. Qe4
Rd8 35. f5 Qb3 36. f6 Qxb2+ 37. Rc2 Qxd4+ 38. Qxd4 Rxd4 39. f7 Rd8 40. e6 Rf8
41. Ke1 Nd5 42. Rc5 Nf6 43. Rf5 Ng8 44. Rb5 Kh7 45. fxg8=Q+ Rxg8 46. Rxb4
1/2-1/2

[Event "29. Abierto Ciudad de Sevilla"]
[Site "Sevilla ESP"]
[Date "2004.01.12"]
[Round "4.15"]
[White "Saldaño, Horacio"]
[Black "Hidalgo Begines, Pablo"]
[Result "1-0"]
[WhiteElo "2424"]
[BlackElo "2102"]
[PlyCount "47"]
[EventDate "2004.01.09"]
[EventType "swiss"]
[EventRounds "9"]
[EventCountry "ESP"]
[Source "lmi"]
[SourceDate "2004.01.17"]

1. e4 d6 2. d4 g6 3. Nc3 Bg7 4. f4 Nf6 5. Nf3 O-O 6. e5 Nfd7 7. h4 c5 8. h5
cxd4 9. Qxd4 dxe5 10. Qf2 exf4 11. hxg6 hxg6 12. Qh4 Nf6 13. Bxf4 Bg4 14. Ne5
Qc8 15. Nd5 Re8 16. Bc4 Be6 17. O-O-O Nbd7 18. Nxd7 Nh5 19. Ne5 Nxf4 20. Qh7+
Kf8 21. Nxf4 Bxc4 22. Nfxg6+ fxg6 23. Rdf1+ Bxf1 24. Rxf1+ 1-0

[Event "29. Abierto Ciudad de Sevilla"]
[Site "Sevilla ESP"]
[Date "2004.01.12"]
[Round "4.16"]
[White "Cheparinov, Ivan"]
[Black "De Lagontrie, Jean"]
[Result "1-0"]
[WhiteElo "2550"]
[BlackElo "1989"]
[PlyCount "71"]
[EventDate "2004.01.09"]
[EventType "swiss"]
[EventRounds "9"]
[EventCountry "ESP"]
[Source "lmi"]
[SourceDate "2004.01.17"]

1. e4 c5 2. Nf3 Nc6 3. d4 cxd4 4. Nxd4 Nf6 5. Nc3 e5 6. Ndb5 d6 7. Bg5 a6 8.
Na3 b5 9. Bxf6 gxf6 10. Nd5 f5 11. Bd3 Be6 12. O-O Bg7 13. Qh5 f4 14. c4 bxc4
15. Bxc4 O-O 16. Rfd1 Rb8 17. b3 Bxd5 18. Bxd5 Nb4 19. Rd2 Qd7 20. Nc4 Kh8 21.
Rad1 Rbd8 22. a3 Nc6 23. Bxc6 Qxc6 24. Nxd6 Rd7 25. h3 f5 26. Nxf5 Rxd2 27.
Rxd2 Qxe4 28. Nxg7 f3 29. Ne6 Qe1+ 30. Kh2 fxg2 31. Kxg2 Rg8+ 32. Ng5 Qe4+ 33.
Kf1 Qh1+ 34. Ke2 Qb1 35. Nf7+ Kg7 36. Qh6+ 1-0

[Event "29. Abierto Ciudad de Sevilla"]
[Site "Sevilla ESP"]
[Date "2004.01.12"]
[Round "4.17"]
[White "Teske, Henrik"]
[Black "Rodriguez Morales, Alberto"]
[Result "1-0"]
[WhiteElo "2526"]
[BlackElo "1987"]
[PlyCount "67"]
[EventDate "2004.01.09"]
[EventType "swiss"]
[EventRounds "9"]
[EventCountry "ESP"]
[Source "lmi"]
[SourceDate "2004.01.17"]

1. e4 e6 2. d4 d5 3. Nc3 dxe4 4. Nxe4 Bd7 5. Nf3 Bc6 6. Bd3 Nd7 7. O-O Ngf6 8.
Neg5 Bd6 9. Re1 Nf8 10. Ne5 Bxe5 11. dxe5 Qd5 12. Nf3 N6d7 13. c4 Qc5 14. Be3
Qe7 15. Nd4 Nxe5 16. Nxc6 Nxc6 17. Be4 Qd6 18. Qb3 Nd8 19. Rad1 Qe7 20. Bxb7
Rb8 21. Qa4+ Nd7 22. Bf3 Rxb2 23. Bc5 Rxa2 24. Rxd7 Qxc5 25. Rxd8+ Kxd8 26.
Qxa2 Ke7 27. Qb2 Rd8 28. Qxg7 Rd2 29. Qg3 Rc2 30. Qh4+ Kf8 31. Rd1 Rxc4 32.
Qxh7 Rc1 33. Qh8+ Ke7 34. Qd8# 1-0

[Event "29. Abierto Ciudad de Sevilla"]
[Site "Sevilla ESP"]
[Date "2004.01.12"]
[Round "4.18"]
[White "Strikovic, Aleksa"]
[Black "Benito Alba, Eladio"]
[Result "1-0"]
[WhiteElo "2524"]
[BlackElo "1955"]
[PlyCount "55"]
[EventDate "2004.01.09"]
[EventType "swiss"]
[EventRounds "9"]
[EventCountry "ESP"]
[Source "lmi"]
[SourceDate "2004.01.17"]

1. Nf3 d5 2. c4 c6 3. b3 Nf6 4. g3 g6 5. Bb2 Bg7 6. Bg2 O-O 7. O-O Re8 8. d4
Nbd7 9. Nbd2 e5 10. Nxe5 Nxe5 11. dxe5 Ng4 12. cxd5 cxd5 13. Nf3 Nxe5 14. Nxe5
Bxe5 15. Bxe5 Rxe5 16. e3 b6 17. Qd4 Qe8 18. Bxd5 Rb8 19. Rfd1 Rxd5 20. Qxd5
Bb7 21. Qd4 Bf3 22. Rd2 Qc6 23. Qc4 Qb7 24. Rd4 Rc8 25. Qd3 Re8 26. Rd8 Qe7 27.
Rxe8+ Qxe8 28. e4 1-0

[Event "29. Abierto Ciudad de Sevilla"]
[Site "Sevilla ESP"]
[Date "2004.01.12"]
[Round "4.19"]
[White "Estremera Paños, Sergio"]
[Black "Gutierrez Jimenez, Juan Manuel"]
[Result "1/2-1/2"]
[WhiteElo "2353"]
[BlackElo "1951"]
[PlyCount "101"]
[EventDate "2004.01.09"]
[EventType "swiss"]
[EventRounds "9"]
[EventCountry "ESP"]
[Source "lmi"]
[SourceDate "2004.01.17"]

1. d4 d6 2. Nf3 Nf6 3. c4 g6 4. Nc3 Bg7 5. e4 O-O 6. Be2 Nbd7 7. O-O e5 8. Be3
exd4 9. Nxd4 Nc5 10. f3 h6 11. Qd2 Kh7 12. Rad1 a5 13. Rfe1 Ne6 14. Ndb5 Bd7
15. f4 Bc6 16. Bf3 Nd7 17. Qf2 g5 18. f5 Nec5 19. e5 Bxf3 20. gxf3 Bxe5 21.
Bxc5 Bxc3 22. Nxc3 Nxc5 23. Qd4 Nd7 24. c5 Nxc5 25. Nd5 Nd7 26. Re7 Ne5 27. Qe4
c6 28. f6+ Kh8 29. Nc7 Rc8 30. Ne6 Qb6+ 31. Kh1 Qxb2 32. Nxf8 Rxf8 33. Rxd6
Qa1+ 34. Kg2 Qxa2+ 35. Kg3 Ng6 36. Re8 Qa1 37. Rxf8+ Nxf8 38. Rd8 Qg1+ 39. Kh3
Qf1+ 40. Kg4 Qg1+ 41. Kf5 Qc5+ 42. Qe5 Qb4 43. h4 Kh7 44. h5 b5 45. Qe4 Ne6 46.
Rc8 c5 47. Rb8 Qxe4+ 48. Kxe4 b4 49. Rb7 Kg8 50. Rb8+ Kh7 51. Rb7 1/2-1/2

[Event "29. Abierto Ciudad de Sevilla"]
[Site "Sevilla ESP"]
[Date "2004.01.12"]
[Round "4.21"]
[White "Perez Perez, Manuel"]
[Black "Razmyslov, Alexander"]
[Result "0-1"]
[WhiteElo "2010"]
[BlackElo "2337"]
[PlyCount "94"]
[EventDate "2004.01.09"]
[EventType "swiss"]
[EventRounds "9"]
[EventCountry "ESP"]
[Source "lmi"]
[SourceDate "2004.01.17"]

1. e4 d5 2. exd5 c6 3. Nf3 cxd5 4. d4 Nc6 5. c4 Nf6 6. Nc3 Bg4 7. cxd5 Nxd5 8.
Bc4 Nxc3 9. bxc3 e6 10. O-O Be7 11. Rb1 O-O 12. Bd3 Rb8 13. h3 Bh5 14. Rb5 Bg6
15. Bf4 Bd6 16. Ne5 Bxe5 17. Bxe5 Bxd3 18. Qxd3 a6 19. Bxb8 axb5 20. Bf4 Qd5
21. Rb1 b4 22. c4 Qxd4 23. Qxd4 Nxd4 24. Bd6 Rd8 25. Bxb4 Rd7 26. Bc5 Ne2+ 27.
Kh2 h6 28. Rb2 Nf4 29. Be3 Nd3 30. Rb5 e5 31. a4 f5 32. f3 Kf7 33. a5 f4 34.
Bc5 g5 35. Kg1 h5 36. Kf1 g4 37. hxg4 hxg4 38. Ke2 Nc1+ 39. Ke1 Nd3+ 40. Ke2 e4
41. fxe4 Ne5 42. Bb6 Ke6 43. Rc5 f3+ 44. gxf3 gxf3+ 45. Ke3 f2 46. Ke2 Rd2+ 47.
Kf1 Ng4 0-1

[Event "29. Abierto Ciudad de Sevilla"]
[Site "Sevilla ESP"]
[Date "2004.01.13"]
[Round "5.1"]
[White "Spraggett, Kevin"]
[Black "Veingold, Aleksandr"]
[Result "1-0"]
[WhiteElo "2536"]
[BlackElo "2478"]
[PlyCount "87"]
[EventDate "2004.01.09"]
[EventType "swiss"]
[EventRounds "9"]
[EventCountry "ESP"]
[Source "lmi"]
[SourceDate "2004.01.17"]

1. e4 c5 2. Nf3 d6 3. d4 cxd4 4. Nxd4 Nf6 5. Nc3 a6 6. Bg5 e6 7. Qe2 h6 8. Bh4
Be7 9. f4 Nxe4 10. Bxe7 Nxc3 11. Qc4 Kxe7 12. Qxc3 Nc6 13. O-O-O Qb6 14. Bc4
Nxd4 15. Rxd4 d5 16. Bb3 Bd7 17. Rhd1 Rhc8 18. Qe3 Kf8 19. g4 a5 20. a3 Rc5 21.
Kb1 a4 22. Ba2 Rac8 23. Rb4 Qc7 24. c3 Bb5 25. h4 Bc4 26. Rxa4 Bxa2+ 27. Kxa2
Rc4 28. Rd4 b5 29. Rb4 Qc5 30. Qe5 Kg8 31. g5 hxg5 32. hxg5 g6 33. f5 Qc7 34.
Qxc7 R8xc7 35. fxe6 fxe6 36. Rxb5 R4c6 37. a4 Ra7 38. Ka3 Kf7 39. Rh4 Kg7 40.
Rb8 Rca6 41. Rbh8 Rxa4+ 42. Rxa4 Rxa4+ 43. Kxa4 Kxh8 44. b4 1-0

[Event "29. Abierto Ciudad de Sevilla"]
[Site "Sevilla ESP"]
[Date "2004.01.13"]
[Round "5.2"]
[White "Perez, Rodney"]
[Black "Paunovic, Dragan"]
[Result "1/2-1/2"]
[WhiteElo "2458"]
[BlackElo "2517"]
[PlyCount "41"]
[EventDate "2004.01.09"]
[EventType "swiss"]
[EventRounds "9"]
[EventCountry "ESP"]
[Source "lmi"]
[SourceDate "2004.01.17"]

1. e4 c5 2. Nf3 e6 3. c3 d5 4. exd5 exd5 5. d4 Nc6 6. Bb5 Bd6 7. dxc5 Bxc5 8.
O-O Nge7 9. Nbd2 O-O 10. Nb3 Bb6 11. Re1 Nf5 12. Bd3 h6 13. Bc2 Be6 14. Qd3 Re8
15. Bf4 Qf6 16. g4 Qg6 17. h3 Nfe7 18. Qxg6 Nxg6 19. Bg3 Nge7 20. Rad1 Rad8 21.
Nbd4 1/2-1/2

[Event "29. Abierto Ciudad de Sevilla"]
[Site "Sevilla ESP"]
[Date "2004.01.13"]
[Round "5.3"]
[White "Matamoros Franco, Carlos S"]
[Black "Khamrakulov, Ibragim S"]
[Result "1/2-1/2"]
[WhiteElo "2490"]
[BlackElo "2452"]
[PlyCount "117"]
[EventDate "2004.01.09"]
[EventType "swiss"]
[EventRounds "9"]
[EventCountry "ESP"]
[Source "lmi"]
[SourceDate "2004.01.17"]

1. c4 Nf6 2. Nc3 d5 3. cxd5 Nxd5 4. g3 g6 5. Bg2 Nb6 6. d3 Bg7 7. Be3 Nc6 8.
Nf3 O-O 9. Qc1 Re8 10. Bh6 Bh8 11. h4 Bg4 12. h5 Nd7 13. hxg6 hxg6 14. Qg5 Bxf3
15. Bxf3 Nd4 16. Be4 e6 17. Qxd8 Raxd8 18. Rc1 c6 19. Bg5 Ra8 20. Bg2 Nf5 21.
Ne4 Be5 22. d4 Bg7 23. g4 Nxd4 24. Rd1 f5 25. Nd6 Reb8 26. gxf5 gxf5 27. e3
Nc2+ 28. Ke2 Nb4 29. Nxf5 Nd5 30. Nxg7 Kxg7 31. Be4 Rh8 32. Rdg1 Kf7 33. Rxh8
Rxh8 34. Rh1 Rxh1 35. Bxh1 Ne5 36. e4 Nb4 37. a3 Na6 38. Bc1 Nc5 39. b4 Nb3 40.
Be3 a5 41. bxa5 Nxa5 42. Bd4 Nec4 43. a4 e5 44. Bc3 b6 45. Kd3 Kg6 46. Bg2 Kg5
47. Bf1 Kf4 48. Be2 b5 49. axb5 cxb5 50. Bxa5 Nxa5 51. Kc3 Nc6 52. Bxb5 Nd4 53.
Ba6 Kf3 54. Bb7 Kxf2 55. Kd2 Nb3+ 56. Kd3 Kf3 57. Bd5 Nc5+ 58. Kd2 Kf4 59. Ba8
1/2-1/2

[Event "29. Abierto Ciudad de Sevilla"]
[Site "Sevilla ESP"]
[Date "2004.01.13"]
[Round "5.4"]
[White "Rodriguez Guerrero, Enrique"]
[Black "Suba, Mihai"]
[Result "1-0"]
[WhiteElo "2391"]
[BlackElo "2522"]
[PlyCount "70"]
[EventDate "2004.01.09"]
[EventType "swiss"]
[EventRounds "9"]
[EventCountry "ESP"]
[Source "lmi"]
[SourceDate "2004.01.17"]

1. e4 c5 2. Nf3 d6 3. d4 Nf6 4. Nc3 cxd4 5. Nxd4 e6 6. Be3 a6 7. f3 b5 8. g4
Bb7 9. Qd2 Qa5 10. Nb3 Qc7 11. O-O-O Nc6 12. g5 Nd7 13. Qf2 Nce5 14. h4 Rc8 15.
a3 Ba8 16. Kb1 Be7 17. Rg1 Qb7 18. Bd4 Nc4 19. Bxg7 Rg8 20. Bd4 e5 21. Be3
Nxa3+ 22. bxa3 Rxc3 23. Bd2 Rc7 24. Ba5 Rc6 25. Bb4 Qb6 26. Qxb6 Nxb6 27. Na5
Rc7 28. Bh3 d5 29. Bf5 Bxb4 30. axb4 Ke7 31. h5 Rh8 32. Rd3 f6 33. g6 hxg6 34.
hxg6 Kf8 35. Nb3 Kg7 1-0

[Event "29. Abierto Ciudad de Sevilla"]
[Site "Sevilla ESP"]
[Date "2004.01.13"]
[Round "5.5"]
[White "Epishin, Vladimir"]
[Black "Tissir, Mohamed"]
[Result "1-0"]
[WhiteElo "2633"]
[BlackElo "2436"]
[PlyCount "61"]
[EventDate "2004.01.09"]
[EventType "swiss"]
[EventRounds "9"]
[EventCountry "ESP"]
[Source "lmi"]
[SourceDate "2004.01.17"]

1. d4 Nf6 2. c4 e6 3. Nf3 d5 4. Nc3 Be7 5. Bg5 O-O 6. e3 Nbd7 7. Qc2 h6 8. Bh4
dxc4 9. Bxc4 a6 10. a4 c5 11. O-O cxd4 12. Nxd4 Nh5 13. Bxe7 Qxe7 14. a5 Nhf6
15. Be2 Ne5 16. Qb3 Rd8 17. Na4 Nd5 18. Rfc1 Bd7 19. Nb6 Nxb6 20. Qxb6 Be8 21.
Rc7 Rd7 22. Qxb7 Qd8 23. Rxd7 Bxd7 24. h3 g5 25. b4 Rb8 26. Qxa6 Rxb4 27. Qd6
Qb8 28. Qxb8+ Rxb8 29. a6 Nc6 30. a7 Ra8 31. Nb5 1-0

[Event "29. Abierto Ciudad de Sevilla"]
[Site "Sevilla ESP"]
[Date "2004.01.13"]
[Round "5.7"]
[White "Pogorelov, Ruslan"]
[Black "Campora, Daniel Hugo"]
[Result "0-1"]
[WhiteElo "2451"]
[BlackElo "2503"]
[PlyCount "80"]
[EventDate "2004.01.09"]
[EventType "swiss"]
[EventRounds "9"]
[EventCountry "ESP"]
[Source "lmi"]
[SourceDate "2004.01.17"]

1. Nf3 c5 2. c4 Nc6 3. d4 cxd4 4. Nxd4 g6 5. e4 Bg7 6. Be3 Nf6 7. Nc3 Ng4 8.
Qxg4 Nxd4 9. Qd1 Ne6 10. Rc1 d6 11. Bd3 Nc5 12. Bb1 O-O 13. O-O Be6 14. b3 b6
15. Qd2 a5 16. Nd5 Rb8 17. Rcd1 Bxd5 18. Qxd5 Qc7 19. h4 Qb7 20. h5 Qxd5 21.
Rxd5 Rfc8 22. g4 Rc6 23. h6 Bb2 24. Rfd1 f6 25. f4 Kf7 26. Kg2 Ne6 27. R5d2 Bc3
28. Rc2 Bb4 29. e5 dxe5 30. fxe5 Bc5 31. Re2 fxe5 32. Be4 Bxe3 33. Bxc6 Nf4+
34. Kf3 Nxe2 35. Kxe3 Nf4 36. g5 Nh3 37. Ke4 Nxg5+ 38. Kxe5 Kf8 39. Rd5 Rc8 40.
Bd7 Rc5 0-1

[Event "29. Abierto Ciudad de Sevilla"]
[Site "Sevilla ESP"]
[Date "2004.01.13"]
[Round "5.8"]
[White "Campos Moreno, Javier B"]
[Black "Saldaño, Horacio"]
[Result "1-0"]
[WhiteElo "2498"]
[BlackElo "2424"]
[PlyCount "103"]
[EventDate "2004.01.09"]
[EventType "swiss"]
[EventRounds "9"]
[EventCountry "ESP"]
[Source "lmi"]
[SourceDate "2004.01.17"]

1. d4 Nf6 2. c4 g6 3. Nc3 Bg7 4. e4 d6 5. f3 O-O 6. Nge2 c5 7. d5 e6 8. Ng3
exd5 9. cxd5 a6 10. a4 Nh5 11. Nxh5 gxh5 12. Bf4 Qf6 13. Qd2 Nd7 14. Be2 Qg6
15. O-O Ne5 16. Be3 f5 17. f4 Ng4 18. Bxg4 hxg4 19. e5 dxe5 20. Bxc5 exf4 21.
d6 Bd7 22. Nd5 Kh8 23. Rxf4 Rad8 24. Ne7 Qh6 25. Re1 Rf6 26. a5 Re6 27. Rxe6
Bxe6 28. b4 Be5 29. Bd4 Bxd4+ 30. Qxd4+ Qg7 31. Qc5 Qf6 32. g3 Qa1+ 33. Rf1 Qf6
34. Qb6 Rd7 35. Qc5 Rd8 36. Nxf5 Bxf5 37. Rxf5 Qxd6 38. Qxd6 Rxd6 39. Rf4 h5
40. Rf5 Kg7 41. Rxh5 Kg6 42. Rc5 Rd4 43. b5 axb5 44. Rxb5 Ra4 45. Kf2 Ra3 46.
Ke2 Kf6 47. Kd2 Kg6 48. Kc2 Ra2+ 49. Kb1 Rxh2 50. Rxb7 Kf5 51. Rb3 Ke4 52. Ra3
1-0

[Event "29. Abierto Ciudad de Sevilla"]
[Site "Sevilla ESP"]
[Date "2004.01.13"]
[Round "5.9"]
[White "Mirzoev, Azer"]
[Black "Ortega Valle, Jose R"]
[Result "1-0"]
[WhiteElo "2551"]
[BlackElo "2274"]
[PlyCount "72"]
[EventDate "2004.01.09"]
[EventType "swiss"]
[EventRounds "9"]
[EventCountry "ESP"]
[Source "lmi"]
[SourceDate "2004.01.17"]

1. d4 d6 2. Nf3 Nf6 3. c4 Nbd7 4. Nc3 e5 5. e4 Be7 6. Be2 O-O 7. O-O c6 8. Re1
a6 9. a3 b5 10. h3 Bb7 11. Bf1 Re8 12. Be3 Bf8 13. dxe5 dxe5 14. b4 h6 15. Nd2
Rc8 16. Nb3 Ba8 17. c5 Qe7 18. a4 Red8 19. Qc2 Bb7 20. Ra2 Nb8 21. Na5 Rd7 22.
Nxb7 Rxb7 23. axb5 axb5 24. Rea1 Ne8 25. Be2 Nc7 26. Bg4 Rd8 27. Ra7 Rxa7 28.
Rxa7 g6 29. Qa2 Rd3 30. Nb1 h5 31. Be2 Rd7 32. Nd2 Ne6 33. Ra8 Rd8 34. Nf3 Nf4
35. Bxf4 exf4 36. Qa5 Bg7 1-0

[Event "29. Abierto Ciudad de Sevilla"]
[Site "Sevilla ESP"]
[Date "2004.01.13"]
[Round "5.10"]
[White "Van Hoolandt, Patrick"]
[Black "Cheparinov, Ivan"]
[Result "0-1"]
[WhiteElo "2262"]
[BlackElo "2550"]
[PlyCount "122"]
[EventDate "2004.01.09"]
[EventType "swiss"]
[EventRounds "9"]
[EventCountry "ESP"]
[Source "lmi"]
[SourceDate "2004.01.17"]

1. c4 e5 2. g3 Nf6 3. Bg2 d5 4. cxd5 Nxd5 5. Nf3 Nc6 6. Nc3 Nb6 7. O-O Be7 8.
a3 Be6 9. d3 O-O 10. b4 f6 11. Rb1 a5 12. b5 Nd4 13. Nd2 Bd5 14. Nxd5 Nxd5 15.
Bb2 a4 16. Bxd4 exd4 17. Qc2 Kh8 18. Ra1 Re8 19. Rfe1 Bf8 20. Ne4 Ra5 21. Reb1
Re5 22. Rb2 Nb6 23. Nd2 Raxb5 24. Rxb5 Rxb5 25. Bxb7 f5 26. Bg2 Bd6 27. Nc4 Rc5
28. Nxd6 Qxd6 29. Qa2 Qe7 30. Qb2 Rc3 31. Bf3 g6 32. Kg2 Qc5 33. Qa2 Rb3 34. h3
Kg7 35. Kh2 Qc3 36. Kg2 c5 37. Rb1 c4 38. dxc4 Rxa3 39. Qb2 Rb3 40. Qxc3 dxc3
41. Rc1 Nxc4 42. Bd5 Na3 43. Bc6 c2 44. Bxa4 Rb4 45. Rxc2 Rxa4 46. Rc7+ Kh6 47.
e3 Nb5 48. Rd7 Nc3 49. f4 Ra2+ 50. Kf1 Rh2 51. g4 Rxh3 52. g5+ Kh5 53. Rxh7+
Kg4 54. Rh6 Rxe3 55. Rxg6 Ne4 56. Ra6 Kf3 57. Ra4 Kxf4 58. g6 Rg3 59. Ra6 Rg5
60. Re6 Kg4 61. Ke1 Kh5 0-1

[Event "29. Abierto Ciudad de Sevilla"]
[Site "Sevilla ESP"]
[Date "2004.01.13"]
[Round "5.11"]
[White "Lacrosse, Marc"]
[Black "Teske, Henrik"]
[Result "0-1"]
[WhiteElo "2235"]
[BlackElo "2526"]
[PlyCount "78"]
[EventDate "2004.01.09"]
[EventType "swiss"]
[EventRounds "9"]
[EventCountry "ESP"]
[Source "lmi"]
[SourceDate "2004.01.17"]

1. d4 Nf6 2. c4 c5 3. d5 b5 4. cxb5 a6 5. bxa6 g6 6. Nc3 Bxa6 7. Nf3 Bg7 8. e4
Bxf1 9. Kxf1 O-O 10. g3 e6 11. Kg2 exd5 12. e5 Ng4 13. Qxd5 Nc6 14. Re1 Ra5 15.
Bf4 c4 16. Qxc4 Ngxe5 17. Nxe5 Nxe5 18. Bxe5 Bxe5 19. Rad1 d6 20. Re2 Qa8+ 21.
Kg1 Rc8 22. Qe4 Qa6 23. Qd3 Qb7 24. Qe4 Qa6 25. Qd3 Qa8 26. Qe4 Qa7 27. Qe3 Qd7
28. Nd5 Qb7 29. Qe4 Kh8 30. Nc3 Qb8 31. Qf3 f5 32. Qd3 Qa7 33. Qe3 Qf7 34. Qd3
f4 35. Ne4 Rc6 36. f3 Rxa2 37. Qd5 Qxd5 38. Rxd5 Bxb2 39. Kg2 Rb6 0-1

[Event "29. Abierto Ciudad de Sevilla"]
[Site "Sevilla ESP"]
[Date "2004.01.13"]
[Round "5.12"]
[White "Castillo Gallego, Sergio"]
[Black "Franco Ocampos, Zenon"]
[Result "0-1"]
[WhiteElo "2233"]
[BlackElo "2524"]
[PlyCount "64"]
[EventDate "2004.01.09"]
[EventType "swiss"]
[EventRounds "9"]
[EventCountry "ESP"]
[Source "lmi"]
[SourceDate "2004.01.17"]

1. e4 g6 2. d4 Bg7 3. Nc3 d6 4. Be3 a6 5. f4 b5 6. Bd3 Bb7 7. Nf3 Nd7 8. e5 e6
9. a4 b4 10. Ne4 Ne7 11. Qe2 O-O 12. O-O Qb8 13. c3 a5 14. Nfg5 h6 15. Nh3 f5
16. exf6 Nxf6 17. Nxf6+ Rxf6 18. Bf2 bxc3 19. bxc3 Nd5 20. Qe1 Qe8 21. Bh4 Rf8
22. Be4 Bc6 23. Kh1 Rb8 24. Qg3 Kh7 25. c4 Nb4 26. Bxc6 Nxc6 27. Rae1 Nxd4 28.
Qg4 Qxa4 29. Bg5 Qd7 30. Qh4 Nf5 31. Qf2 a4 32. g4 Qc6+ 0-1

[Event "29. Abierto Ciudad de Sevilla"]
[Site "Sevilla ESP"]
[Date "2004.01.13"]
[Round "5.13"]
[White "Gonzalez Custodio, Rafael"]
[Black "Strikovic, Aleksa"]
[Result "0-1"]
[WhiteElo "2186"]
[BlackElo "2524"]
[PlyCount "112"]
[EventDate "2004.01.09"]
[EventType "swiss"]
[EventRounds "9"]
[EventCountry "ESP"]
[Source "lmi"]
[SourceDate "2004.01.17"]

1. d4 d6 2. Nf3 g6 3. c3 Bg7 4. Bg5 Nf6 5. Nbd2 O-O 6. e4 c5 7. Be2 h6 8. Bh4
Nh5 9. dxc5 dxc5 10. O-O Nc6 11. Re1 Qc7 12. Qc2 b6 13. Nc4 Bb7 14. Ne3 e6 15.
Nd2 Nf4 16. Bf1 g5 17. Bg3 h5 18. f3 h4 19. Bf2 Ne5 20. Nec4 Nfg6 21. Nxe5 Bxe5
22. h3 Rad8 23. Nc4 Bh2+ 24. Kh1 b5 25. Ne3 c4 26. Red1 Ne5 27. Rxd8 Rxd8 28.
Rd1 Bf4 29. a4 Bc6 30. axb5 Bxb5 31. Rxd8+ Qxd8 32. Ng4 Nxg4 33. hxg4 a5 34.
Bd4 a4 35. Qe2 Kh7 36. Be3 Be5 37. Qd2 Qxd2 38. Bxd2 Kg6 39. Be2 Bd6 40. Bd1
Bc5 41. Bc2 e5 42. Kh2 Bf2 43. Bd1 f6 44. Be2 Kf7 45. Bd1 Ke6 46. Bc2 Kd6 47.
Bd1 Kc6 48. Bc2 Kb6 49. Bd1 Ka5 50. Bc2 a3 51. bxa3 Ba4 52. Bb1 Bb3 53. Kh3 Ka4
54. Bc1 Bd1 55. Ba2 Be2 56. Kh2 Bd3 0-1

[Event "29. Abierto Ciudad de Sevilla"]
[Site "Sevilla ESP"]
[Date "2004.01.13"]
[Round "5.16"]
[White "Castellanos Rodriguez, Renier"]
[Black "Garrido Dominguez, Jesus"]
[Result "1-0"]
[WhiteElo "2438"]
[BlackElo "2213"]
[PlyCount "67"]
[EventDate "2004.01.09"]
[EventType "swiss"]
[EventRounds "9"]
[EventCountry "ESP"]
[Source "lmi"]
[SourceDate "2004.01.17"]

1. e4 c5 2. Nf3 d6 3. d4 cxd4 4. Nxd4 Nf6 5. Nc3 g6 6. Be3 Bg7 7. f3 O-O 8. Qd2
Nc6 9. Bc4 Bd7 10. O-O-O Rb8 11. Bb3 Na5 12. g4 b5 13. g5 Nh5 14. Kb1 Nc4 15.
Bxc4 bxc4 16. Ka1 Qb6 17. Rb1 Rfc8 18. Nf5 Qd8 19. Nxg7 Nxg7 20. Bd4 Ne6 21. h4
Qa5 22. f4 Bc6 23. Qe3 Nf8 24. Qg3 Rb4 25. h5 Rcb8 26. hxg6 fxg6 27. Rhe1 R4b7
28. e5 Ne6 29. Qg1 Nxf4 30. exd6 exd6 31. Qg3 Rf8 32. Bf6 Nh5 33. Qxd6 Nxf6 34.
Qxc6 1-0